| 000 | 00478nam a22001937a 4500 | ||
|---|---|---|---|
| 003 | MPLRDC | ||
| 005 | 20220104155259.0 | ||
| 008 | 210129b ||||| |||| 00| 0 eng d | ||
| 020 | _a7-5369-3882-9 | ||
| 082 | _a336 ZWX | ||
| 100 | _a赵文欣编辑 | ||
| 245 |
_a身边的科学: 光与声 _c |
||
| 250 | _a初版 | ||
| 260 |
_a _b陕西科学技术出版社 _c2004 |
||
| 300 | _b平 | ||
| 490 | _a身边的系列丛书 | ||
| 650 | _a光; 光学 | ||
| 942 |
_cBK _o336 ZWX |
||
| 999 |
_c54417 _d54407 |
||